All India Medical Entrance Test : (Record no. 195258)
[ view plain ]
| 000 -LEADER | |
|---|---|
| fixed length control field | 00672nam a22001937a 4500 |
| 005 - DATE AND TIME OF LATEST TRANSACTION | |
| control field | 20230315113951.0 |
| 010 ## - LCCN (DPL NO) | |
| LC control number | ENG-136418 |
| 020 ## - INTERNATIONAL STANDARD BOOK NUMBER | |
| Terms of availability | 260.00 |
| 035 ## - SYSTEM CONTROL NUMBER | |
| System control number | EN-119950 |
| 037 ## - SOURCE OF ACQUISITION | |
| Source of stock number/acquisition | DBAD/PUB |
| 082 ## - DEWEY DECIMAL CLASSIFICATION NUMBER | |
| Classification number | 574 |
| 245 ## - TITLE STATEMENT | |
| Title | All India Medical Entrance Test : |
| Remainder of title | PMT/PMD/NEET/ |
| 250 ## - EDITION STATEMENT | |
| Edition statement | First |
| 260 ## - PUBLICATION, DISTRIBUTION, ETC. (IMPRINT) | |
| Name of publisher, distributor, etc | Mayelmani Publishing House |
| Place of publication, distribution, etc | Chennai |
| Date of publication, distribution, etc | 2013 |
| 270 ## - ADDRESS | |
| Address | NO 27/12, Fanpet, VH Road,1st Street,Nandanam |
| City | Chennai |
| Postal code | 600035 |
| Telephone number | 044-24340365 |
| -- | 044-24896924 |
| -- | 9840105352 |
| Electronic mail address | alagar.mani@gmail.com |
| -- | mayelmani15@gmail.com |
| 300 ## - PHYSICAL DESCRIPTION | |
| Extent | 6.13,56p. |
| Dimensions | 24cm(pbk) |
| 500 ## - GENERAL NOTE | |
| General note | Entrance Book For Higher Secondary (biology) |
| 942 ## - ADDED ENTRY ELEMENTS (KOHA) | |
| Source of classification or shelving scheme | Dewey Decimal Classification |
| Item type | English Books |
| Classification part | 574 |
| Call number suffix | ILO |
| Withdrawn status | Lost status | Not for loan | Collection code | Home library | Current library | Date acquired | Source of acquisition | Cost, normal purchase price | Full call number | Barcode | Copy number | Cost, replacement price | Koha item type |
|---|---|---|---|---|---|---|---|---|---|---|---|---|---|
| Non-fiction | Katevara | Katevara | 15/03/2023 | DBAD/PUB | 260.00 | 574 ILO | EN-119950 | 1 | 260.00 | English Books |
